| 000 | 01211nam0a22003011 4500 | ||
|---|---|---|---|
| 001 | rc\2733323 | ||
| 005 | 20250529134556.0 | ||
| 035 | _a(NLR Aleph) 006860669 | ||
| 090 |
_a6844115 _c6844115 |
||
| 100 | _a20110915d1937 |||y0rusy50 ca | ||
| 101 | 0 | _arus | |
| 102 | _aRU | ||
| 105 | _ay z ||||| | ||
| 200 | 1 |
_aПрименение сульфатных цементов для бетонных сооружений, подвергающихся действию агрессивных вод _eZement, 1936. Nr 36, ss, 612-613 _fL. Blondiau _gПер. Е. И. Коугиа _gРед. М. В. Лежоев |
|
| 210 |
_aЛенинград _cБ. и. _d1937 |
||
| 215 |
_aОбл., 2, 7 с., без тит. л. _d29х19 см. |
||
| 225 | 1 |
_aПеревод _fНКТП СССР. Союзцемент. Всес. науч.-иссл. ин-т цемента ВНИЦ _v№ 911 |
|
| 300 | _aСтеклогр. изд. | ||
| 333 | _aНа правах рукописи | ||
| 700 | 1 |
_aБлондио _bЛ. |
|
| 702 | 1 |
_aКоугиа _bЕ.И. _4730 |
|
| 702 | 1 |
_aЛежоев _bМ.В. _4340 |
|
| 801 | 0 |
_aRU _bNLR _gpsbo |
|
| 801 | 1 |
_aRU _bELAR _2rusmarc |
|
| 852 |
_aNLR _j37-13/442 |
||
| 942 | _cBOOK | ||
| 980 | _aNB | ||